000 01428nam a22002897a 4500
005 2013011408068.0
008 121226t xxu||||| |||| 00| 0 hin d
010 _aHIN-98113
020 _c795.00
_a9789381945407
035 _aHN-70459
037 _bDBAD / PUB
040 _aDPL
_bHN
082 _a821.08
100 _927482
245 _aकेदारनाथ अग्रवालःकविता का लोक आलोक /
_cसंतोष भदौरिया एवं नरेन्द्र पुण्डरीक द्वारा संपादित
260 _bयश पब्लिकेशन्स
_c2012
_aदिल्ली
270 _a1/10753 गली नं 3, सुभाष पार्क, नवीन शाहदरा, नियर कीर्ति मंदिर
_bदिल्ली
_e110032
_k09899938522
_myashpublicationdelhi@gmail.com
300 1 _a360पृ.
_c22सेमी (सजिल्द)
650 _91170
650 _954617
700 _927483
_aभदौरिया, संतोष
700 _aपुण्डरीक, नरेन्द्र
_954736
710 _952094
711 _952444
942 _adpl
_cHN
_2ddc
_mकेदार
_h821.08
999 _c72904
_d72904